Teaching food technology in secondary schools

Uloženo v:
Podrobná bibliografie
Hlavní autor: Marion Rutland
Médium: Kniha
Jazyk:Undetermined
Vydáno: London David Fulton Publishers 1998
Tagy: Přidat tag
Žádné tagy, Buďte první, kdo otaguje tento záznam!
Thư viện lưu trữ: Trung tâm Học liệu Trường Đại học Cần Thơ
LEADER 00425nam a2200157Ia 4500
001 CTU_65839
008 210402s9999 xx 000 0 und d
020 |b 460000 
082 |a 664 
082 |b T253 
100 |a Marion Rutland 
245 0 |a Teaching food technology in secondary schools 
260 |a London 
260 |b David Fulton Publishers 
260 |c 1998 
980 |a Trung tâm Học liệu Trường Đại học Cần Thơ